=LDR 00000nam 2200000 4500 =001 INLIS000000000017637 =005 20201117023613 =035 ##$$a 0010-061300000017637 =008 201117################g##########0#ind## =041 ##$$a Ind =082 ##$$a 323.4 =090 ##$$a 323.4, Kos h =100 1#$$a Kosasih, Ahmad =245 1#$$a Ham dalam perpektif islam : $b Menyingkap persamaan dan perbedaan antara islam dan barat /$c Drs. Ahmad Kokasih MA =260 ##$$a Jakarta :$b Salemba Diniyah,$c 2003 =300 ##$$a xxix, 227 hlm. ; $c 21x14 cm =650 #4$$a Ham-Islam =850 ##$$a NBPNMAT =020 ##$$a 979-96866-6-0 =084 ##$$a 323.4 KOS h =250 ##$$a cet.1 =504 ##$$a Bibliografi: halaman 219-222 =990 ##$$a 20603112 =990 ##$$a 20603113 =990 ##$$a 20603114 =990 ##$$a 20603115